Hogwarts Teachers - Statistics

General Stats
  • This quiz has been taken 196 times
    84 since last reset
  • The average score is 22 of 34
Answer Stats
Subject Teacher % Correct
Potions Professor Snape
99%
DADA Professor Snape
99%
Headmaster (after Half-Blood Prince) Professor Snape
99%
DADA Professor Lupin
95%
Headmaster (before Half-Blood Prince) Professor Dumbledore
94%
Care Of Magical Creatures Professor Hagrid
92%
Transfiguration Professor McGonagall
87%
Headmistress (in second book) Professor McGonagall
87%
DADA Professor Umbridge
86%
Headmistress (in fifth book) Professor Umbridge
86%
Charms Professor Flitwick
83%
DADA Professor Moody
82%
DADA Professor Lockhart
81%
Herbology Professor Sprout
79%
Person who REALLY taught DADA in fourth year Bartemius Crouch Jr.
75%
DADA Professor Quirrell
75%
Potions Professor Slughorn
75%
Divination Professor Trelawney
75%
Flying Madam Hooch
70%
Hospital Wing Madam Pomfrey
66%
Caretaker Mr. Filch
65%
History Of Magic Professor Binns
57%
Muggle Studies Professor Carrow
56%
DADA Professor Carrow
56%
Divination Firenze
49%
Care Of Magical Creatures Professor Grubbly-Plank
44%
Library Madam Pince
34%
Muggle Studies Professor Burbage
34%
Astronomy Professor Sinistra
32%
Arithmancy Professor Vector
23%
Runes Professor Babbling
17%
Care Of Magical Creatures Professor Kettleburn
17%
Apparition Wilkie Twycross
16%
Previous Caretaker Mr. Pringle
10%
No matching quizzes found
Score Distribution
Percent of People with Each Score
Percentile by Number Answered
Your Score History
You have not taken this quiz since the last reset